Ca se termine par un O - Statistiques

Statistiques générales
  • Ce quiz a été pris 152 fois
  • Le résultat moyen est 17 sur 30
Statistiques - réponses
Hint Réponse % Correct
Très très très mauvaise note Zéro
92%
Il kiffe bien Juliette Roméo
90%
Capitale commençant à également un O Oslo
84%
Un cavalier, qui surgit hors de la nuit court vers l'aventure au galop, son nom, il le signe à la pointe de l'épée d'un Z qui veut dire... Zorro
83%
Ville la plus peuplée du Canada Toronto
81%
Homme qui se croit supérieur aux femmes et qui le fait ressentir dans son comportement Macho
80%
Guerre perdue par Napoléon ou chanson du groupe ABBa Waterloo
79%
Frontalier de la Serbie, de la Macédoine du Nord, de l'Albanie et du Monténégro Kosovo
76%
Bon j'avoue, j'aime bien le prendre le soir vers 19h, avant de manger L'apéro
75%
Cincinnati, Cleveland et Isabelle Adjani (dans une de ses chansons) se trouve dans cet état des Etats-Unis Ohio
72%
Villes la plus peuplée du monde Tokyo
70%
Capitale la plus proche de l'équateur Quito
69%
Désir sexuel Libido
67%
Il a réalisé, entre autres, Pulp Fiction, Kill Bill, Inglourious Basterds Quentin Tarantino
67%
Manteau ample de paysans et de gauchos d'Amérique du Sud et d'Amérique centrale Poncho
65%
Considéré comme l'un des plus grands acteurs Français, il nous a quitté le 6 septembre 2021 Jean-Paul Belmondo
63%
Ile des Caraïbes qui fait partie du Royaume des Pays-Bas ou liqueur de couleur bleue Curaçao
56%
Région administrative spéciale de la Chine, ancienne colonie du Portugal Macao
54%
Lieutenant de Police, toujours vêtu d'un vieil imperméable, fumant le cigare et conduisant une vieille Peugeot 403 cabriolet Columbo
52%
Souvent considéré comme le 51ème états des Etats-Unis Porto-Rico
51%
Mari de Desdémone dans une pièce de théâtre de William Shakespeare Othello
47%
Deuxième club de Foot de Turin après la Juventus Torino
45%
Chanson de Zazie sortie en 2004 ou spectacle et événement sportif composé de différentes épreuves issues du travail des cow-boys dans les ranchs Rodéo
43%
Il a chanté, en autres "Inch'Allah", "Mes mains sur tes hanches", "Vous permettez monsieur" Salvatore Adamo
40%
Footballeur Brésilien actif de 1971 à 1994, surnommé le Pelé Blanc Zico
29%
Les Jeux olympiques d'hiver de 1998 s'y sont déroulés, "Ici à ....." Nagano
27%
Dans l'univers de Star Wars Palpatine, Padmé Amidala et Jar Jar Binks sont originaires de cette planète Naboo
18%
Groupe ayant chanté "Paris Latino" en 1983 Bandolero
17%
Film de 2006, réalisé par Mel Gibson, se déroulant aux environs des années 1500, dont le personnage principal est "Patte de Jaguar" Apocalypto
15%
Deuxième plus grande ville du Venezuela après Caracas Maracaibo
11%
Aucun quiz correspondant
Distribution des résultats
% des personnes avec chaque résultat
Percentile par nombre de réponses
Votre historique - résultats
Vous n’avez pas pris ce quiz